Formula 1 Quiz #3 - Statistics

General Stats
  • This quiz has been taken 133 times
  • The average score is 4 of 8
Answer Stats
Question Answer % Correct
Who became the only South African (so far) to win the World Championship? Jody Scheckter
91%
Who emerged as the winner of the World Championship in 2007 after a hectic race at Brazil? Kimi Raikkonen
84%
Who was regarded as the greatest driver never to win the World Championship? Sir Stirling Moss
74%
The Dutch Grand Prix was held in 2021 for the first time since what year? 1985
53%
Europe, 1993. Highly regarded as the best charge on a single lap, with Ayrton Senna climbing from what position to 1st? 5th
44%
Johnny Herbert sustained major injuries during the 1988 Formula 3000 crash at Brands Hatch. Remarkably, he came back to race in F1 and made his Grand Prix debut in the 1989 Brazilian Grand Prix, finishing a incredible 4th. What team did he drive with for the whole season? Benetton
35%
Name the circuit that Michael Schumacher drove at to claim his last podium of his illustrious career. Valencia
29%
During the early 1960's, the Ferrari's were referred to as? Sharknoses
4%
No matching quizzes found
Score Distribution
Percent of People with Each Score
Percentile by Number Answered
Your Score History
You have not taken this quiz